01472nam a2200193Ia 4500952009600000999001700096008004100113020001500154050001500169100005200184245013700236260003700373300004000410505069800450519004101148650004001189650003701229942001201266 00102lcc4070a01b01d2022-12-03l0oQA461 F84p16 003835r2023-07-13t1w2022-12-03yLB c69379d69379120626s1994 mx k 000 0 spa d a9701004701 aQA461bF84 aFuenlabrada de la Vega Trucíos, Samueldautor aMatemáticas Ib: Aritmética y álgebrac/ Samuel, Fuenlabrada de la Vega Trucíos; revisión técnica: Alejandro Rosas Snell aMéxico b: McGraw Hillc, 1994 aiix, 281 páginas b: formularios  aConjuntos Los números reales Estructuras numéricas Operaciones con los números reales Exponenciación Notación científica Terminología y notación Operaciones con expresiones algebraicas Operaciones con expresiones algebraicas (cont.) Operaciones con polinomios factorización Operaciones con polinomios con exponentes y radicales Operaciones con fracciones algebraicas Ecuaciones lineales Resolución de sistemas lineales con dos incógnitas Números complejos Ecuaciones cuadráticas Discriminante y naturaleza de las raíces Resoluciones de sistemas de segundo grado Razones y proporciones Progresiones Intervalos Desigualdades  aMaterial Complementario /d16 003835 0aARITMÉTICAxESTUDIO Y ENSEÑANZA 0aÁLGEBRAxESTUDIO Y ENSEÑANZA cLB2lcc